Inwentarze kolegium jezuitów w Nowogródku oraz jego majątków ziemskich z przełomu roku 1773 i 1774

Titel: Inwentarze kolegium jezuitów w Nowogródku oraz jego majątków ziemskich z przełomu roku 1773 i 1774 = ˜Theœ inventories of the Jesuit College in Nowogródek and its estates from 1773-1774 / opracowanie i wstęp Andrea Mariani ; Uniwersytet im. Adama Mickiewicza w Poznaniu
Beteiligt:
Körperschaft:
Ausgabe: Wydanie I.
Veröffentlicht: Poznań : Wydawnictwo Naukowe Uniwersytetu im. Adama Mickiewicza, 2020
Umfang: LXXXI, 457 Seiten : Illustrationen, Pläne ; 25 cm
Format: Buch
Sprache: Polnisch
Schriftenreihe/
mehrbändiges Werk:
Źródła do Dziejów Towarzystwa Jezusowego w Dawnej Rzeczypospolitej ; tom 1
Schlagworte:
Andere Ausgaben: Erscheint auch als Online-Ausgabe, PDF
ISBN: 9788323236481 ; 8323236488
Buchumschlag
X
alg: 48173178
001A    $03019:19-07-21 
001B    $01999:04-12-25 $t22:12:10.000 
001D    $03019:19-07-21 
001U    $0utf8 
001X    $00 
002@    $0Aau 
002C    $aText $btxt $2rdacontent 
002D    $aohne Hilfsmittel zu benutzen $bn $2rdamedia 
002E    $aBand $bnc $2rdacarrier 
003@    $0481731784 
003O    $01226703790 $aOCoLC 
004A    $A978-83-232-3648-1 
004A    $083-232-3648-8 
006C    $01226703790 $aOCoLC 
007A    $0BV047058604 $aBVB 
007G    $0 
009P    $qapplication/pdf $A2 $3Buch Bibliographie $uhttp://scans.hebis.de/HEBCGI/show.pl?48173178_bib.pdf $mV:DE-603;B:DE-Mb50 
009P    $qapplication/pdf $A2 $3Cover $uhttp://scans.hebis.de/HEBCGI/show.pl?48173178_cov.pdf $mV:DE-603;B:DE-Mb50 
009P    $qapplication/pdf $A2 $3Register $uhttp://scans.hebis.de/HEBCGI/show.pl?48173178_idx.pdf $mV:DE-603;B:DE-Mb50 
009P    $qapplication/pdf $A2 $3Abstract $uhttp://scans.hebis.de/HEBCGI/show.pl?48173178_sum.pdf $mV:DE-603;B:DE-Mb50 
009P    $qapplication/pdf $A2 $3Inhaltsverzeichnis $uhttp://scans.hebis.de/HEBCGI/show.pl?48173178_toc.pdf $mV:DE-603;B:DE-Mb50 
010@    $apol 
010E    $erda 
011@    $a2020 $n2020 
013D    $RVerzeichnis $RKatalog $RInventur $#Inventories $#Inventaires $#Repertorium Inventar $#Bestandsverzeichnis Formschlagwort $#Findbuch Inventar $74027540-1 $8Inventar [Ts1] $9085070408 
013D    $RQuellenforschung $#History -- Sources $#Histoire -- Sources $#Akten Formschlagwort $#Augenzeugenbericht Formschlagwort $#Texte Formschlagwort $#Historische Quelle $#Geschichtsquelle $#Quellensammlung $#Quellen $74135952-5 $8Quelle [Ts1] $9085503576 
021A    $aInwentarze kolegium jezuitów w Nowogródku oraz jego majątków ziemskich z przełomu roku 1773 i 1774 $f˜Theœ inventories of the Jesuit College in Nowogródek and its estates from 1773-1774 $hopracowanie i wstęp Andrea Mariani ; Uniwersytet im. Adama Mickiewicza w Poznaniu 
028C    $BHerausgeber $4edt $71047203316 $8Mariani, Andrea$Z1986- [Tp3] $9336109989 
029F    $BHerausgebendes Organ $RUniwersytet Poznański $#Uniwersytet im. Adama Mickiewicza $#Uniwersytet Im. A. Mickiewicza $#Uniwersytet imienia Adama Mickiewicza w Poznaniu $#Uniwersytet imienia Adama Mickiewicza $#Uniwersytet Imienia A. Mickiewicza $#UAM $#Adam-Mickiewicz-Universität $#Adam-Mickiewicz-Universität in Poznań $#Adam-Mickiewicz-Universität Posen $#Adam Mickiewicz University in Poznań $#Adam Mickiewicz University $#A. Mickiewicz University $#AMU $#Mickiewicz University $#Alma Mater Posnaniensi $#Poznanski Universitet Adam Mickevič $#Universitet Adam Mickevič Posen $#Université Adam Mickiewicz de Poznań $#Université Adam Mickiewicz $#Universitas Posnaniensis $#Universitas Studiorum Mickiewiczianae Posnaniensis $#Universitas Studiorum Mickiewicziana Posnaniensis $#Universidad Adam Mickiewicz de Poznań $4isb $71011773-8 $8Uniwersytet im. Adama Mickiewicza w Poznaniu [Tb1] $9041932773 
032@    $aWydanie I. 
033A    $pPoznań $nWydawnictwo Naukowe Uniwersytetu im. Adama Mickiewicza 
034D    $aLXXXI, 457 Seiten 
034I    $a25 cm 
034M    $aIllustrationen, Pläne 
036E    $aŹródła do Dziejów Towarzystwa Jezusowego w Dawnej Rzeczypospolitej $ltom 1 
037A    $aLiteraturverzeichnis Seite LXXI-LXXIX 
039D    $aErscheint auch als $nOnline-Ausgabe, PDF 
044A    $aCollegium Societatis Iesu (Nowogródek) / 18 w / źródła $S#2 $N653 
044A    $aMajątki ziemskie kościelne / Białoruś / 18 w / źródła $S#0 $N653 
044K    $#Новогрудок $#Navaradok $#Navagrudak $#Novogrudok $#Novogrodek $#Nawahrudak $#Nowogrodek $#Navahrudak $#Nowogródek $#Nawahradak $#Naugardukas $#Навагрудак $74446666-3 $8Nowogrudok [Tg1] $9088814440 
044K    $RJesuitenschule $#Kolleg Jesuiten $74368446-4 $8Jesuitenkolleg [Ts1] $9088326497 
044K    $RBesitz $REigentum $RGrundstück $RGrundstücksrecht $RGrundeigentümer $#Land tenure $#Real property $#Propriété foncière $#Terres $#Propriété immobilière $#Propiedad rústica $#Grundeigentum $#Grundbesitz $#Grundbesitz $#Bodeneigentum $#Grundbesitz $#Grundstück Eigentum $#Grundstückseigentum $#Liegenschaftseigentum $#Grundvermögen $#Immobiliareigentum $#Landbesitz $#Landeigentum $#Besitzung $74072130-9 $8Grundeigentum [Ts1] $9085202959 
045F    $a200.943809033 $eDDC23BSB 
045F/01 $a200.9 
045F/03 $f09033 
045F/03 $g438 
045R    $aGeschichte 1773-1774 
045T    $aOST $qDE-12 $2FID 
046L    $aZusammenfassung auf Englisch 

lok: 48173178 24

exp: 48173178 24 1 #EPN
201B/01 $017-10-25 $t13:58:03.000 
201C/01 $017-10-25 
201U/01 $0utf8 
203@/01 $01320089720 
208@/01 $a17-10-25 $bz 
209A/01 $a25.05265 $du $f050 $h25 05265 $x00 
209C/01 $a25.05265 K $h25 05265 K 
209G/01 $a75085125 $x00 
220C/01 $ahae 
247C/01 $8358050-7 Marburg, Bibliothek des Herder-Instituts Marburg $9102600961 

lok: 48173178 66
101B    $019-07-21 $t12:33:06.000 
101C    $019-07-21 
101U    $0utf8 
144Z/01 $aJezuici 

exp: 48173178 66 1 #EPN
201B/01 $019-07-21 $t12:33:06.000 
201C/01 $019-07-21 
201U/01 $0utf8 
203@/01 $01162073349 
208@/01 $a19-07-21 $bz 
209A/01 $aG Inw/M $du $f000 $x00 
209C/01 $a20/l1496GBUAM 
247C/01 $8618123-5 Darmstadt, Bibliothek des Deutschen Polen-Instituts $9102600902 

lok: 48173178 78

exp: 48173178 78 1 #EPN
201B/01 $015-08-22 $t13:08:01.000 
201C/01 $015-08-22 
201U/01 $0utf8 
203@/01 $01212408942 
208@/01 $a15-08-22 $be 
209A/01 $a/ $f000 $x00 
209A/01 $ab*p $x01 
220C/01 $aeja 
244Z/01 $#Generalgouvernement Polen $#Polska $#Rzeczpospolita Polska $#Polska Rzeczpospolita Ludowa $#Poland $#Pologne $#République Polonaise $#Generalne Gubernatorstwo w Polsce $#Polish People's Republic $#Polska Rzeczpospolita Polen $#PRL $#RP $#Polen Generalgouvernement $#Polska Generalgouvernement $#Besetzte Polnische Gebiete $#Besetztes Gebiet in Polen $#Okupowane Polskie Obszary $#Obszary Okupowane w Polsce $#Volksrepublik Polen $#Polska Rosyjska $#Republic Polen $#Respublika Pol'ša $#Pol'skaja Narodnaja Respublika $#République de Pologne $#Polen Links der Weichsel $#Polska po Lewej Stronie Wisły $#Lenkija $#Polija $#Gubernija Carstva Pol'skago $#Republik Polen $74046496-9 $8--Tg1--Polen $x01 $9085129801 
247C/01 $82080>Marburg/Lahn, Herder-Institut, Forschungsbibliothek, Bibliographieportal $9336309341
LEADER 00000cam a2200000 c 4500
001 481731784
003 DE-603
005 20251204221210.0
007 tu
008 210719s2020 xx |||| | u00||u|pol c
020 |a 9788323236481 
020 |a 8323236488 
035 |a (DE-599)BVBBV047058604 
035 |a (OCoLC)1226703790 
040 |a DE-603  |b ger  |c DE-603  |d DE-603  |e rda 
041 |a pol 
082 0 4 |8 1\u  |a 200.943809033  |q DE-101  |2 23/BSB 
084 |a OST  |q DE-12  |2 fid 
085 |8 1\u  |b 200.9 
085 |8 1\u  |z 1  |s 09033 
085 |8 1\u  |z 2  |s 438 
245 0 0 |a Inwentarze kolegium jezuitów w Nowogródku oraz jego majątków ziemskich z przełomu roku 1773 i 1774  |b = ˜Theœ inventories of the Jesuit College in Nowogródek and its estates from 1773-1774  |c opracowanie i wstęp Andrea Mariani ; Uniwersytet im. Adama Mickiewicza w Poznaniu 
250 |a Wydanie I. 
264 1 |a Poznań  |b Wydawnictwo Naukowe Uniwersytetu im. Adama Mickiewicza  |c 2020 
300 |a LXXXI, 457 Seiten  |b Illustrationen, Pläne  |c 25 cm 
336 |a Text  |b txt  |2 rdacontent 
337 |a ohne Hilfsmittel zu benutzen  |b n  |2 rdamedia 
338 |a Band  |b nc  |2 rdacarrier 
490 0 |a Źródła do Dziejów Towarzystwa Jezusowego w Dawnej Rzeczypospolitej  |v tom 1 
500 |a Literaturverzeichnis Seite LXXI-LXXIX 
546 |a Zusammenfassung auf Englisch 
648 7 |a Geschichte 1773-1774  |2 gnd 
650 7 |a Jesuitenkolleg  |0 (DE-588)4368446-4  |0 (DE-603)088326497  |2 gnd 
650 7 |a Grundeigentum  |0 (DE-588)4072130-9  |0 (DE-603)085202959  |2 gnd 
651 7 |a Nowogrudok  |0 (DE-588)4446666-3  |0 (DE-603)088814440  |2 gnd 
655 7 |a Inventar  |2 gnd-content  |0 (DE-588)4027540-1  |0 (DE-603)085070408 
655 7 |a Quelle  |2 gnd-content  |0 (DE-588)4135952-5  |0 (DE-603)085503576 
700 1 |a Mariani, Andrea  |d 1986-  |e Herausgeber  |4 edt  |0 (DE-603)336109989  |0 (DE-588)1047203316  |2 gnd 
710 2 |a Uniwersytet im. Adama Mickiewicza w Poznaniu  |e Herausgebendes Organ  |4 isb  |0 (DE-603)041932773  |0 (DE-588)1011773-8  |2 gnd 
776 0 8 |i Erscheint auch als  |n Online-Ausgabe, PDF 
856 4 2 |m V:DE-603;B:DE-Mb50  |q application/pdf  |u http://scans.hebis.de/HEBCGI/show.pl?48173178_bib.pdf  |3 Buch Bibliographie 
856 4 2 |m V:DE-603;B:DE-Mb50  |q application/pdf  |u http://scans.hebis.de/HEBCGI/show.pl?48173178_cov.pdf  |3 Cover 
856 4 2 |m V:DE-603;B:DE-Mb50  |q application/pdf  |u http://scans.hebis.de/HEBCGI/show.pl?48173178_idx.pdf  |3 Register 
856 4 2 |m V:DE-603;B:DE-Mb50  |q application/pdf  |u http://scans.hebis.de/HEBCGI/show.pl?48173178_sum.pdf  |3 Abstract 
856 4 2 |m V:DE-603;B:DE-Mb50  |q application/pdf  |u http://scans.hebis.de/HEBCGI/show.pl?48173178_toc.pdf  |3 Inhaltsverzeichnis 
924 0 |9 Mb 50  |a (DE-603)1320089720  |b DE-Mb50  |c HES  |d c  |g 25.05265 
924 0 |9 Ds 123  |a (DE-603)1162073349  |b DE-Ds123  |c HES  |d d  |g G Inw/M 
924 0 |9 2080  |a (DE-603)1212408942  |b DE-2080  |c HES  |d d  |g /